Podstata a význam škody vo vybraných právnych odvetviach
Problematika týkajúcej sa škody s konkrétnejším zameraním sa na druhy škôd a kauzálny nexus, ako určujúci prvok pre škodu spôsobenú trestným činom. Všeobecná charakteristika pojmu škoda a definícia jednotlivých druhov škôd: škoda na zdraví, majetková škoda, morálna škoda a iná škoda, ako aj škoda sp...
Salvato in:
| Autore principale: | |
|---|---|
| Natura: | Capitolo di libro |
| Lingua: | slovacco |
| Soggetti: | |
| Tags: |
Nessun Tag, puoi essere il primo ad aggiungerne!!
|
MARC
| LEADER | 00000nla a2200000 4500 | ||
|---|---|---|---|
| 001 | 0236855 | ||
| 005 | 20240417075127.7 | ||
| 041 | 0 | |a slo | |
| 044 | |a SK | ||
| 245 | 1 | 0 | |a Podstata a význam škody vo vybraných právnych odvetviach |c Adriana Solčianska |
| 520 | |a Problematika týkajúcej sa škody s konkrétnejším zameraním sa na druhy škôd a kauzálny nexus, ako určujúci prvok pre škodu spôsobenú trestným činom. Všeobecná charakteristika pojmu škoda a definícia jednotlivých druhov škôd: škoda na zdraví, majetková škoda, morálna škoda a iná škoda, ako aj škoda spôsobená trestným činom. Význam škody v trestnom práve. | ||
| 610 | 2 | 0 | |a legislatíva |
| 610 | 2 | 0 | |a škody |
| 610 | 2 | 0 | |a právo trestné |
| 610 | 2 | 0 | |a náhrada škody |
| 610 | 2 | 0 | |a právo občianske |
| 100 | 1 | |a Solčianska, Adriana | |